| 000 | 01044nam0a2200301 4500 | ||
|---|---|---|---|
| 001 | RU\NLR\bibl\582390 | ||
| 005 | 20250610135955.0 | ||
| 035 | _a(NLR Aleph) 000574385 | ||
| 090 |
_a1612770 _c1612770 |
||
| 100 | _a20041210d2004 |||y0rusy50 ca | ||
| 101 | 0 |
_arus _aeng |
|
| 102 | _aRU | ||
| 105 | _aa ||||||||| | ||
| 200 | 1 |
_aСурен Чанглян _dSuren Changlian _e[Альбом _fАвт. вступ. ст. Нелли Алоева] _zeng |
|
| 210 |
_aБ. м. _cб. и. _d[2004] |
||
| 215 |
_a[30 с.] _cцв. ил., портр. _d32 |
||
| 300 | _aТекст парал. на рус. и англ. яз. | ||
| 510 | 1 |
_6z17790 _aSuren Changlian _zeng |
|
| 600 | 1 |
_aЧанглян _bС. _gСурен _jАльбомы _92363995 _3RU\NLR\auth\661411453 |
|
| 686 | _aЩ143(2Р=Рус)7-8Чанглян | ||
| 700 | 1 |
_aЧанглян _bС. _gСурен _4070 |
|
| 790 | 1 |
_6z17510 _aCangljan _bS. _gSuren _4070 |
|
| 801 | 0 |
_aRU _bNLR _c20041210 _gPSBO |
|
| 801 | 1 |
_aRU _bNLR _c20041210 |
|
| 942 | _cBOOK | ||
| 980 | _aNB | ||